[Event "FICGS rapid A 000246 email"]
[Site "FICGS email"]
[Date "2019.09.19"]
[Round "1"]
[White "Laskowski, Filip"]
[Black "Kuliy, Oleksandr"]
[Result "1/2-1/2"]
[WhiteElo "2028"]
[BlackElo "1925"]
[PlyCount "59"]
[EventDate "2019.??.??"]
[EventType "tourn (rapid)"]
[EventRounds "6"]
[SourceTitle "Corr 2022"]
[Source "ChessBase"]
[SourceDate "2021.10.24"]
[SourceVersion "1"]
[SourceVersionDate "2021.10.24"]
[SourceQuality "1"]

1. e4 e6 2. d4 d5 3. Nc3 Nf6 4. e5 Nfd7 5. f4 c5 6. Nf3 Nc6 7. Be3 a6 8. Qd2 b5 9. dxc5 Bxc5 10. Bxc5 Nxc5 11. Bd3 Qb6 12. Qf2 b4 13. Ne2 a5 14. 0-0 Ba6 15. Rfd1 0-0 16. f5 exf5 17. Bxa6 Rxa6 18. Rxd5 Ne6 19. Qxb6 Rxb6 20. Rd6 Rd8 21. Rad1 Rb5 22. Rxd8+ Ncxd8 23. Ned4 Rc5 24. Rd2 f4 25. Nb3 Rb5 26. Rd6 g5 27. Nbd4 Rb8 28. g3 fxg3 29. hxg3 h5 30. Nf5 1/2-1/2

[Event "FICGS rapid A 000242 email"]
[Site "FICGS email"]
[Date "2019.07.06"]
[Round "1"]
[White "Laskowski, Filip"]
[Black "Cleto, Dirceu Jr"]
[Result "1/2-1/2"]
[WhiteElo "2030"]
[BlackElo "2162"]
[PlyCount "30"]
[EventDate "2019.??.??"]
[EventType "tourn (rapid)"]
[EventRounds "6"]
[SourceTitle "Corr 2022"]
[Source "ChessBase"]
[SourceDate "2021.10.24"]
[SourceVersion "1"]
[SourceVersionDate "2021.10.24"]
[SourceQuality "1"]

1. e4 d6 2. d4 Nf6 3. Nc3 g6 4. f4 Bg7 5. Nf3 0-0 6. Bd3 Nc6 7. d5 Nb4 8. Be2 c6 9. a3 Na6 10. Be3 cxd5 11. exd5 Nc7 12. 0-0 b5 13. Bxb5 Nfxd5 14. Nxd5 Nxb5 15. Nd4 Bxd4 1/2-1/2

[Event "FICGS rapid A 000242 email"]
[Site "FICGS email"]
[Date "2019.07.06"]
[Round "1"]
[White "Laskowski, Filip"]
[Black "Rodriguez Perez, Rene"]
[Result "0-1"]
[WhiteElo "2030"]
[BlackElo "2092"]
[PlyCount "74"]
[EventDate "2019.??.??"]
[EventType "tourn (rapid)"]
[EventRounds "6"]
[SourceTitle "Corr 2022"]
[Source "ChessBase"]
[SourceDate "2021.10.24"]
[SourceVersion "1"]
[SourceVersionDate "2021.10.24"]
[SourceQuality "1"]

1. d4 e6 2. c4 d5 3. Nc3 Nf6 4. cxd5 exd5 5. Bg5 Be7 6. e3 0-0 7. Bd3 Nbd7 8. Qc2 h6 9. Bh4 Re8 10. Nge2 c6 11. 0-0 Nf8 12. f3 Bd6 13. e4 Ng6 14. Bxf6 Qxf6 15. Kh1 Qh4 16. e5 Nxe5 17. dxe5 Rxe5 18. g3 Qh5 19. Nf4 Qg5 20. Ng2 Re8 21. Rae1 Bd7 22. Nd1 Rad8 23. Nde3 Bb4 24. f4 Qf6 25. Rb1 Bf8 26. b4 b5 27. Rfe1 d4 28. Nf1 Ra8 29. Rxe8 Bxe8 30. Nd2 a5 31. a3 Qe6 32. f5 Qf6 33. Kg1 axb4 34. axb4 Ra3 35. Ne4 Qxf5 36. Nc5 Qg5 37. Qb2 Ra8 0-1

[Event "FICGS rapid A 000242 email"]
[Site "FICGS email"]
[Date "2019.07.06"]
[Round "1"]
[White "Slawomir, Weglicki"]
[Black "Laskowski, Filip"]
[Result "1-0"]
[WhiteElo "2048"]
[BlackElo "2030"]
[PlyCount "25"]
[EventDate "2019.??.??"]
[EventType "tourn (rapid)"]
[EventRounds "6"]
[SourceTitle "Corr 2022"]
[Source "ChessBase"]
[SourceDate "2021.10.24"]
[SourceVersion "1"]
[SourceVersionDate "2021.10.24"]
[SourceQuality "1"]

1. d4 d5 2. c4 c6 3. Nf3 Nf6 4. Nc3 e6 5. e3 Nbd7 6. Qc2 Bd6 7. Bd3 dxc4 8. Bxc4 0-0 9. 0-0 b5 10. Be2 Bb7 11. e4 e5 12. dxe5 Nxe5 13. Nh4 1-0

[Event "FICGS rapid A 000210 email"]
[Site "FICGS email"]
[Date "2018.02.03"]
[Round "1"]
[White "Laskowski, Filip"]
[Black "Maceda, Coco"]
[Result "1/2-1/2"]
[WhiteElo "2000"]
[BlackElo "1981"]
[PlyCount "58"]
[EventDate "2018.??.??"]
[EventType "tourn (rapid)"]
[EventRounds "6"]
[SourceTitle "Corr 2022"]
[Source "ChessBase"]
[SourceDate "2021.10.24"]
[SourceVersion "1"]
[SourceVersionDate "2021.10.24"]
[SourceQuality "1"]

1. c4 c5 2. g3 g6 3. Bg2 Bg7 4. Nc3 Nc6 5. Nf3 Nf6 6. d4 cxd4 7. Nxd4 h5 8. h3 Nxd4 9. Qxd4 d6 10. b3 0-0 11. Bb2 a6 12. 0-0 Rb8 13. e4 b5 14. cxb5 axb5 15. Rfd1 Nd7 16. Qd2 Re8 17. Nd5 Bxb2 18. Qxb2 Bb7 19. Rac1 Bxd5 20. Rxd5 Rb6 21. f4 Qb8 22. Qf2 e6 23. Rd2 Rc8 24. Rcd1 Rbc6 25. Kh2 Qc7 26. Qd4 Rb8 27. Rf2 b4 28. Qd2 Kg7 29. Qd4+ Kg8 1/2-1/2

[Event "POL-chT1"]
[Site "Poronin"]
[Date "2014.09.06"]
[Round "8.3"]
[White "Laskowski, Filip"]
[Black "Piotrowski, Przemyslaw"]
[Result "1/2-1/2"]
[WhiteElo "1804"]
[BlackElo "2162"]
[PlyCount "84"]
[EventDate "2014.08.31"]
[EventType "team-tourn"]
[EventRounds "9"]
[EventCountry "POL"]
[SourceTitle "CBM 162 Extra"]
[Source "ChessBase"]
[SourceDate "2014.10.17"]
[SourceVersion "1"]
[SourceVersionDate "2014.10.17"]
[SourceQuality "1"]
[WhiteTeam "Grudziadz Rotmistrz II"]
[BlackTeam "Wroclaw Polonia II"]
[WhiteTeamCountry "POL"]
[BlackTeamCountry "POL"]

1. d4 d6 2. Nf3 g6 3. c4 Nf6 4. g3 Bg7 5. Bg2 0-0 6. Nc3 Nc6 7. 0-0 a6 8. h3 Rb8 9. Qd3 b5 10. cxb5 axb5 11. e4 b4 12. Na4 Ra8 13. Qc2 Bd7 14. b3 Rc8 15. Bd2 Ne8 16. Rad1 Bxd4 17. Nxd4 Nxd4 18. Qb2 c5 19. Bh6 Ng7 20. Rxd4 cxd4 21. Qxd4 f6 22. Qxb4 Bxa4 23. Qxa4 Qe8 24. Qd4 Qf7 25. Qd2 Rfd8 26. Rc1 Ne6 27. Rxc8 Rxc8 28. Be3 Kh8 29. Qd5 Kg7 30. Qd2 Nc5 31. Qc2 Qe8 32. Bf1 Qc6 33. f3 Qb7 34. Bc4 e6 35. Qd2 Qc7 36. Kg2 Kf7 37. Bd4 Qe7 38. Qe2 Qb7 39. Qd2 d5 40. exd5 exd5 41. Be2 Kg7 42. Qe3 Qc7 1/2-1/2

[Event "POL-chT3 Kujawsko Pomorskie 1314"]
[Site "Poland"]
[Date "2014.??.??"]
[Round "8.24"]
[White "Daniszewski, Kacper"]
[Black "Laskowski, Filip"]
[Result "0-1"]
[WhiteElo "1406"]
[BlackElo "1785"]
[PlyCount "48"]
[EventDate "2013.11.03"]
[EventType "team-tourn"]
[EventRounds "11"]
[EventCountry "POL"]
[SourceTitle "EXT 2015"]
[Source "ChessBase"]
[SourceDate "2014.11.20"]
[SourceVersion "1"]
[SourceVersionDate "2014.11.20"]
[SourceQuality "1"]
[WhiteTeam "Torun UKS OPP"]
[BlackTeam "Grudziadz Rotmistrz III"]
[WhiteTeamCountry "POL"]
[BlackTeamCountry "POL"]

1. e4 d5 2. exd5 Qxd5 3. Nc3 Qd6 4. d3 Nf6 5. g3 Bg4 6. Nf3 Nc6 7. Bg2 Nd4 8. 0-0 e5 9. Be3 0-0-0 10. Bxd4 exd4 11. Ne2 Qc5 12. Qd2 h5 13. Ng5 Bxe2 14. Rfe1 Bg4 15. Nxf7 Bd6 16. Nxd8 Rxd8 17. a3 h4 18. b4 Qh5 19. Be4 Rh8 20. gxh4 Bxh2+ 21. Kxh2 Qxh4+ 22. Kg2 Qh2+ 23. Kf1 Nxe4 24. Rxe4 Qh1# 0-1

[Event "POL-chT4 Kujawsko Pomorskie 0910"]
[Site "Poland"]
[Date "2010.02.07"]
[Round "7.6"]
[White "Laskowski, Filip"]
[Black "Lewandowski, Krzysztof"]
[Result "1/2-1/2"]
[WhiteElo "1745"]
[BlackElo "2157"]
[PlyCount "93"]
[EventDate "2009.11.08"]
[EventType "team-swiss"]
[EventRounds "11"]
[EventCountry "POL"]
[SourceTitle "EXT 2020"]
[Source "ChessBase"]
[SourceDate "2019.10.17"]
[SourceVersion "1"]
[SourceVersionDate "2019.10.17"]
[SourceQuality "1"]

1. e4 Nf6 2. e5 Nd5 3. d4 d6 4. c4 Nb6 5. exd6 cxd6 6. Nc3 g6 7. Be3 Bg7 8. Rc1 0-0 9. b3 e5 10. dxe5 dxe5 11. Qxd8 Rxd8 12. c5 N6d7 13. Nf3 Nc6 14. Ne4 Re8 15. Nfg5 h6 16. Nd6 Re7 17. Nge4 f5 18. Bc4+ Kh7 19. Nxc8 Rxc8 20. Nd6 Rc7 21. Nb5 Rc8 22. Nd6 Rb8 23. 0-0 f4 24. Bd2 Nxc5 25. Bb5 Rd8 26. Rxc5 Rxd6 27. Bc3 e4 28. Bxc6 Rxc6 29. Rxc6 bxc6 30. Bxg7 Kxg7 31. Rd1 Kf6 32. Kf1 Ke6 33. Rd4 Ke5 34. Rd8 Re6 35. Ke2 a6 36. h4 Kf5 37. Ra8 c5 38. Rc8 Kg4 39. Rxc5 Kxh4 40. Rc3 Kg4 41. Kf1 g5 42. b4 h5 43. a4 h4 44. f3+ exf3 45. Rxf3 Kf5 46. b5 axb5 47. axb5 1/2-1/2

[Event "Kochan Memorial op-B 20th"]
[Site "Koszalin"]
[Date "2009.08.08"]
[Round "3"]
[White "Laskowski, Filip"]
[Black "Sadzikowski, Marian"]
[Result "1/2-1/2"]
[WhiteElo "1680"]
[BlackElo "1908"]
[PlyCount "122"]
[EventDate "2009.08.06"]
[EventType "swiss"]
[EventRounds "9"]
[EventCountry "POL"]
[SourceTitle "CBM 132 Extra"]
[Source "ChessBase"]
[SourceDate "2009.11.03"]
[SourceVersion "1"]
[SourceVersionDate "2009.11.03"]
[SourceQuality "1"]

1. e4 b6 2. d4 Bb7 3. Bd3 e6 4. Nf3 Nf6 5. Qe2 d6 6. 0-0 Be7 7. Re1 0-0 8. Bf4 Nbd7 9. Nbd2 Nh5 10. Be3 f5 11. exf5 exf5 12. Ng5 Bxg5 13. Qxh5 Bxe3 14. Rxe3 g6 15. Qh6 Re8 16. Rae1 Rxe3 17. Rxe3 Qf6 18. Rh3 Nf8 19. c3 Re8 20. Re3 Re6 21. Nf1 f4 22. Rxe6 Nxe6 23. Qh3 Kg7 24. Nd2 Bc8 25. Ne4 Qf8 26. Qf3 d5 27. Nd2 Qd6 28. Qe2 c5 29. Nf3 g5 30. h3 Bd7 31. Bf5 h6 32. Qe5+ Qxe5 33. Nxe5 Kf6 34. Bg4 Bb5 35. Bxe6 Kxe6 36. f3 a5 37. Kf2 a4 38. a3 Ba6 39. g3 fxg3+ 40. Kxg3 Bb5 41. f4 Kf5 42. fxg5 hxg5 43. Kf3 cxd4 44. cxd4 Bf1 45. Nd7 b5 46. Nb6 Bxh3 47. Nxd5 Bg4+ 48. Kg3 Be2 49. Nc3 Bd3 50. Kf3 Bc4 51. Kg3 g4 52. d5 Bf1 53. Kf2 Bd3 54. Kg3 Bc4 55. d6 Be6 56. Nxb5 Bd7 57. Nc3 Bc6 58. Nd5 Ke5 59. Nb6 Kxd6 60. Kxg4 Kc5 61. Nxa4+ Bxa4 1/2-1/2

[Event "POL-chT3 Kujawsko Pomorskie 0809"]
[Site "Poland"]
[Date "2009.02.08"]
[Round "7.11"]
[White "Laskowski, Filip"]
[Black "Wisniewski, Przemyslaw"]
[Result "0-1"]
[WhiteElo "1667"]
[BlackElo "2060"]
[PlyCount "98"]
[EventDate "2008.11.09"]
[EventType "team-tourn"]
[EventRounds "11"]
[EventCountry "POL"]
[SourceTitle "EXT 2019"]
[Source "ChessBase"]
[SourceDate "2018.10.10"]
[SourceVersion "1"]
[SourceVersionDate "2018.10.10"]
[SourceQuality "1"]

1. e4 c5 2. Nc3 Nc6 3. f4 g6 4. Nf3 Bg7 5. Bc4 e6 6. 0-0 Nge7 7. Qe1 0-0 8. d3 d5 9. Bb3 Nd4 10. Nxd4 cxd4 11. Ne2 a5 12. a4 dxe4 13. dxe4 d3 14. Ng3 dxc2 15. Bxc2 Bxb2 16. Bxb2 Qb6+ 17. Qf2 Qxb2 18. Rad1 Ra6 19. Rd2 Qb6 20. Rfd1 Qxf2+ 21. Kxf2 Rc6 22. Bd3 Kg7 23. Bb5 Rc7 24. h3 Nc6 25. e5 Nb4 26. Ne4 Nd5 27. g3 Nc3 28. Nxc3 Rxc3 29. Rd3 Rc2+ 30. R1d2 Rc7 31. Rd8 h6 32. Rxf8 Kxf8 33. Rd8+ Kg7 34. h4 g5 35. hxg5 hxg5 36. Kf3 b6 37. Rd6 Bb7+ 38. Kg4 gxf4 39. gxf4 Rc3 40. Rxb6 Be4 41. Kg5 Bf5 42. Be2 Rg3+ 43. Kh4 Re3 44. Bg4 Bxg4 45. Kxg4 Re4 46. Kg5 Rxa4 47. f5 exf5 48. Kxf5 Ra1 49. Ra6 a4 0-1

[Event "Grudziadz-ch"]
[Site "Grudziadz"]
[Date "2008.12.22"]
[Round "2"]
[White "Bolibok, Milosz"]
[Black "Laskowski, Filip"]
[Result "0-1"]
[WhiteElo "1667"]
[BlackElo "1800"]
[PlyCount "75"]
[EventDate "2008.10.21"]
[EventType "tourn"]
[EventRounds "9"]
[EventCountry "POL"]
[SourceTitle "EXT 2023"]
[Source "ChessBase"]
[SourceDate "2022.10.05"]
[SourceVersion "1"]
[SourceVersionDate "2022.10.05"]
[SourceQuality "1"]

1. d4 Nf6 2. e3 d6 3. Bd3 g6 4. Nf3 Bg7 5. Nbd2 Nbd7 6. c4 0-0 7. 0-0 e5 8. Qc2 Re8 9. d5 Nc5 10. e4 a5 11. Nb3 Nxb3 12. axb3 Bg4 13. Be2 b6 14. h3 Bxf3 15. Bxf3 Nd7 16. g4 Qh4 17. Bg2 Bh6 18. f4 exf4 19. Bxf4 Bxf4 20. Rxf4 Ne5 21. Raf1 Qg3 22. Qf2 Qxf2+ 23. R4xf2 Re7 24. Bf3 Nd3 25. Rd2 Nc5 26. Re2 Nxb3 27. Bg2 Nc5 28. e5 Rxe5 29. Rxe5 dxe5 30. Rf6 Rd8 31. Rc6 Rd7 32. d6 Rxd6 33. Rxc7 e4 34. Re7 Rd1+ 35. Kf2 Rd2+ 36. Kg3 Rxb2 37. Bxe4 Nxe4+ 38. Rxe4 0-1

[Event "POL-chT4 Kujawsko Pomorskie 0809"]
[Site "Poland"]
[Date "2008.12.21"]
[Round "4.7"]
[White "Laskowski, Filip"]
[Black "Zebracki, Tomasz"]
[Result "0-1"]
[WhiteElo "1667"]
[BlackElo "1795"]
[PlyCount "79"]
[EventDate "2008.11.09"]
[EventType "team-tourn"]
[EventRounds "9"]
[EventCountry "POL"]
[SourceTitle "EXT 2019"]
[Source "ChessBase"]
[SourceDate "2018.10.10"]
[SourceVersion "1"]
[SourceVersionDate "2018.10.10"]
[SourceQuality "1"]

1. e4 e5 2. Nf3 Nc6 3. d4 exd4 4. Nxd4 Bc5 5. Nxc6 bxc6 6. Bd3 Nf6 7. 0-0 0-0 8. Bg5 Be7 9. Re1 h6 10. Bh4 d5 11. exd5 cxd5 12. Qe2 Bd6 13. Nc3 g5 14. Bg3 Bxg3 15. fxg3 Bb7 16. Qf3 Rb8 17. Rf1 Kg7 18. Rae1 d4 19. Ne4 Bxe4 20. Bxe4 Rxb2 21. Bd3 Rb6 22. Re2 Re8 23. Ref2 Re3 24. Qf5 Qe7 25. Qa5 a6 26. Rf5 Rbe6 27. Bc4 Rc6 28. Bd3 Ree6 29. Qa4 Red6 30. Kh1 Qd7 31. Bc4 Rb6 32. Qa5 Rbc6 33. Bb3 Rc3 34. Rxg5+ hxg5 35. Qxg5+ Kf8 36. Rxf6 Rxf6 37. Qxf6 Re3 38. Qh8+ Ke7 39. Qh4+ f6 40. h3 0-1

[Event "Grudziadz-ch"]
[Site "Grudziadz"]
[Date "2008.11.25"]
[Round "7"]
[White "Krainski, Slawomir"]
[Black "Laskowski, Filip"]
[Result "1-0"]
[WhiteElo "2127"]
[BlackElo "1667"]
[PlyCount "63"]
[EventDate "2008.10.21"]
[EventType "tourn"]
[EventRounds "9"]
[EventCountry "POL"]
[SourceTitle "EXT 2023"]
[Source "ChessBase"]
[SourceDate "2022.10.05"]
[SourceVersion "1"]
[SourceVersionDate "2022.10.05"]
[SourceQuality "1"]

1. e4 c5 2. c3 Nf6 3. e5 Nd5 4. d4 cxd4 5. cxd4 e6 6. Nf3 d6 7. Nc3 Nxc3 8. bxc3 Qc7 9. Bd2 Nd7 10. exd6 Bxd6 11. Bd3 0-0 12. 0-0 b6 13. Qb1 g6 14. Re1 Bb7 15. Be4 Rac8 16. a4 Nf6 17. Bxb7 Qxb7 18. Qd3 Qc7 19. a5 Qc4 20. Qe3 Qd5 21. axb6 axb6 22. Ne5 b5 23. Qh6 Bxe5 24. dxe5 Ne4 25. Bf4 Rxc3 26. Rad1 Qc4 27. Rd7 Qc6 28. Red1 b4 29. Qxf8+ Kxf8 30. Bh6+ Ke8 31. Rd8+ Ke7 32. Bf8# 1-0

[Event "Grudziadz-ch"]
[Site "Grudziadz"]
[Date "2008.11.18"]
[Round "5"]
[White "Laskowski, Filip"]
[Black "Kukula, Pawel"]
[Result "0-1"]
[WhiteElo "1667"]
[BlackElo "2247"]
[PlyCount "138"]
[EventDate "2008.10.21"]
[EventType "tourn"]
[EventRounds "9"]
[EventCountry "POL"]
[SourceTitle "EXT 2023"]
[Source "ChessBase"]
[SourceDate "2022.10.05"]
[SourceVersion "1"]
[SourceVersionDate "2022.10.05"]
[SourceQuality "1"]

1. e4 c5 2. Nf3 Nc6 3. d4 cxd4 4. Nxd4 Nf6 5. Nc3 e5 6. Ndb5 d6 7. Bg5 a6 8. Na3 b5 9. Bxf6 gxf6 10. Nd5 Bg7 11. c3 f5 12. exf5 Bxf5 13. Nc2 Be6 14. g3 0-0 15. Bg2 a5 16. 0-0 Rb8 17. Qe2 b4 18. Nce3 f5 19. f4 e4 20. Rad1 bxc3 21. bxc3 Ne7 22. Bh3 Nxd5 23. Nxd5 Qd7 24. Qa6 Rfd8 25. Qxa5 Rb5 26. Qa4 Rxd5 27. Qxd7 Rxd7 28. Rxd5 Bxd5 29. Bxf5 Rc7 30. Rd1 Bxa2 31. Bxe4 Bf8 32. Ra1 Bc4 33. Ra5 h6 34. Kf2 Bg7 35. Bd5+ Bxd5 36. Rxd5 Rc6 37. c4 Kf7 38. Ke3 Ke7 39. Ra5 Rxc4 40. Ra7+ Kf6 41. Rd7 Bf8 42. g4 Be7 43. Rb7 Ke6 44. h4 Bxh4 45. Rh7 Be7 46. f5+ Kf6 47. Rxh6+ Kg7 48. Re6 Kf7 49. Kf3 d5 50. Re5 Rc3+ 51. Ke2 Rc5 52. Kd3 Bf6 53. Re6 Rc3+ 54. Kd2 Rg3 55. Rd6 d4 56. Rd7+ Ke8 57. Rd6 Ke7 58. Re6+ Kf7 59. Re4 Kg7 60. Ke2 Kh6 61. Kf2 Ra3 62. Re6 Kg5 63. Rd6 Re3 64. Kf1 Re4 65. Kf2 Rxg4 66. Rd5 Kf4 67. Ke2 Ke4 68. Ra5 d3+ 69. Kd1 Ke3 0-1

[Event "Pieczyska op"]
[Site "Pieczyska"]
[Date "2007.06.28"]
[Round "8"]
[White "Laskowski, Filip"]
[Black "Tarczykowski, Janusz"]
[Result "0-1"]
[WhiteElo "1800"]
[BlackElo "1943"]
[PlyCount "56"]
[EventDate "2007.06.23"]
[EventType "swiss"]
[EventRounds "9"]
[EventCountry "POL"]
[SourceTitle "EXT 2008"]
[Source "ChessBase"]
[SourceDate "2007.11.25"]
[SourceVersion "1"]
[SourceVersionDate "2007.11.25"]
[SourceQuality "1"]

1. e4 d5 2. exd5 Nf6 3. Bb5+ Bd7 4. Bc4 c6 5. Nc3 Qc7 6. d3 cxd5 7. Bb3 d4 8. Ne4 Nxe4 9. dxe4 e5 10. Bd2 Be7 11. Qf3 0-0 12. Ne2 Na6 13. Ng3 Be6 14. Nf5 Bxb3 15. Qg3 g6 16. axb3 Bf6 17. Rc1 Kh8 18. Bh6 gxf5 19. Bxf8 Rxf8 20. exf5 Rg8 21. Qf3 Nc5 22. 0-0 e4 23. Qe2 Qc6 24. f3 d3 25. cxd3 exd3 26. Qe3 Qd6 27. Kh1 Be5 28. Qe1 d2 0-1

[Event "Pieczyska op"]
[Site "Pieczyska"]
[Date "2007.06.24"]
[Round "2"]
[White "Laskowski, Filip"]
[Black "Konieczynski, Piotr"]
[Result "1-0"]
[WhiteElo "1800"]
[BlackElo "1934"]
[PlyCount "85"]
[EventDate "2007.06.23"]
[EventType "swiss"]
[EventRounds "9"]
[EventCountry "POL"]
[SourceTitle "EXT 2008"]
[Source "ChessBase"]
[SourceDate "2007.11.25"]
[SourceVersion "1"]
[SourceVersionDate "2007.11.25"]
[SourceQuality "1"]

1. d4 c6 2. e4 d5 3. f3 dxe4 4. fxe4 e5 5. Nf3 Be6 6. c3 Nf6 7. Bd3 Nbd7 8. 0-0 Qb6 9. Kh1 Be7 10. Qe2 Bg4 11. Nbd2 0-0 12. Nc4 Qc7 13. Ne3 Bxf3 14. Qxf3 g6 15. Nc4 Ne8 16. Qg3 exd4 17. Bf4 Qd8 18. cxd4 Ndf6 19. Qf2 Ng4 20. Qg1 Bc5 21. dxc5 Qxd3 22. Nd6 Nxd6 23. Bxd6 Rfe8 24. h3 Ne5 25. Qf2 Qc4 26. Qh4 Qe6 27. Rf6 Qd7 28. Raf1 Re7 29. Bxe5 Rxe5 30. Rxf7 Qxf7 31. Rxf7 Kxf7 32. Qxh7+ Kf6 33. Qxb7 Rae8 34. Qxc6+ R8e6 35. Qc7 Re7 36. Qd8 Kf7 37. c6 Rc5 38. Qd6 Rc2 39. e5 g5 40. Qf6+ Ke8 41. Qh8+ Kf7 42. Qh7+ Kf8 43. Qxc2 1-0